Sports Quiz

Random Sports or Clickable Quiz

Boston Celtics vs Cleveland Cavaliers Quiz Stats

 Plays Quiz not verified by Sporcle

Also try: ACC
Challenge
Share
Tweet
Embed
Score 0/32 Timer 10:00
0 Plays Today
% Correct
???
98.7%
???
58.7%
???
54.6%
???
52.3%
???
51.6%
???
50.2%
???
40.7%
???
24.1%
???
23.4%
???
21.2%
???
20.6%
???
20.5%
???
20.3%
???
20%
???
19.6%
???
17.7%
% Correct
???
17.4%
???
13.2%
???
11%
???
10.9%
???
10.4%
???
9.9%
???
7.9%
???
6.7%
???
3.7%
???
3.6%
???
3.4%
???
3.1%
???
3.1%
???
2.9%
???
2.6%
???
2.3%

You're not logged in!

Compare scores with friends on all Sporcle quizzes.
Join for Free
OR
Log In

You Might Also Like...

Show Comments

Extras

Top Quizzes Today


Score Distribution

Your Account Isn't Verified!

In order to create a playlist on Sporcle, you need to verify the email address you used during registration. Go to your Sporcle Settings to finish the process.

Report this User

Report this user for behavior that violates our Community Guidelines.

Details: